000 00731nam a22002057a 4500
005 20100810135557.0
010 _aENG-99400
020 _a8187299274
_c100.00
035 _aEN-82932
037 _bDBAD/PUB
082 _a581.52632
100 _aSheela, R.
_910087
245 _aMangrove vegetation /
_cby R. Sheela
260 _aPudhucherry
_bPudhucherry Cooperative Book Society
_c2008
270 _a17, 14th Street, Krishna Nagar
_bPudhucherry
_e605008
300 _avii,96p.
_c21cm (pbk)
650 _aMangrove Plant
_910088
942 _2ddc
_cEN
_h581.52632
_mSHE
999 _c40645
_d40645